000 00673nam a2200241Ia 4500
003 OSt
005 20221007082342.0
006 a|||||r|||| 00| 0
007 ta
008 221006b |||||||| |||| 00| 0 eng d
024 _a10,315
037 _cReports / Technical Reports
040 _aFLL
_cFLL
_beng
041 _2eng
_aeng
082 _aV2:12.N71t, L1
110 _aGovt. of Tamil Nadu
_9699038
245 0 _aReport of the centre-state relations inquiry committee
260 _c1971
300 _aix,282p
_ccm.
700 _aGovt. of Tamil Nadu
_9699039
942 _hV2:12.N71t, L1
_cREP
_2CC
999 _c1166160
_d1166160